Регионална библиотека "Любен Каравелов" - Русе

Сборник тестове и задачи по макроикономика (Запис номер 73960)

MARC детайли
000 -Лидер
Контролно поле с фиксирана дължина 01211nam a2200313 c 4500
003 - Код на организацията, давaща контролен номер
Контролно поле BLK
005 - Дата и час на последна редакция
Контролно поле 20190417173014.0
008 - Елементи от данни с фиксирана дължина
fixed length control field 180408b bul|||||r ||||||| ||bul||
010 ## - Наследен системен номер
LC control number KNG00078356000
020 ## - Международен стандартен номер на книга ISBN
Международен стандартен номер на книга ISBN 954-8981-87-4
-- издат.: Нова звезда
040 ## - Източник на каталожния запис
Идентификатор на билиотеката - собственик на записа BLK
041 ## - Код за език
Код за езика на текст/звукозапис или на отделно заглавие Български
Код за езика КДБФ Български
080 ## - УДК
Текстов определител УДК Макроикономика. Микроикономика
УДК код - определител по УДК 330.101.54
УДК определител (076)(075.8)
УДК - код + определител 330.101.54(076)(075.8)
100 1# - Редна дума - Автор
Автор Марикина, Мария Тодорова
Авторска отговорност първи автор
R(LIN) 92657
139 ## - Редно поле
Редна дума Марикина, Мария Тодорова
Авторски знак Мари - М 31
245 10 - Сведения за заглавието
Заглавие Сборник тестове и задачи по макроикономика
Редно поле (дума) Мария Тодорова Марикина.
257 ## - Страна на издаване
Страна на създаване/издаване България
260 ## - Област на издателските данни
-- София
Име на издателя, разпространителя и проч. Нова звезда
Година на издаване 2006
300 ## - Физическа характеристика
Страници 119 с.
Илюстрации и др. с ил., табл., диагр.
Размери/Мащаб 20 см
380 ## - Жанр
Жанр Обществени науки
650 #4 - Допълнително описание по предмет – тема
Основно описание – тема или топоним Макроикономика - учебници за ВУЗ
9 (RLIN) 244890
653 ## - Ключова дума – ненормативна
Ключова дума макроикономика
653 ## - Ключова дума – ненормативна
Ключова дума учебници за ВУЗ
852 ## - Местоположение
Форматна сигнатура Цб 236178
856 4# - Електронен адрес и достъп
Електронен формат pdf - файл
Път до файла /url/
856 4# - Електронен адрес и достъп
Електронен формат pdf - файл
Път до файла /url/
942 ## - АРТИКУЛИ
Вид на библиотечния материал Книги
Скрит в OPAC Не
Koha issues (borrowed), all copies 1
944 ## - СЪЗДАВАНЕ И РЕДАКЦИЯ на ЗАПИСА
Създаване/Редакция Създаване
Дата на регистрацията/редакция 18.10.2007
Служител, извършил регистрацията/редакцията Цветанка_Енчева
944 ## - СЪЗДАВАНЕ И РЕДАКЦИЯ на ЗАПИСА
Създаване/Редакция Редакция
Дата на регистрацията/редакция 23.10.2007
Служител, извършил регистрацията/редакцията
999 ## - СИСТЕМНИ КОНТРОЛНИ НОМЕРА
Koha biblionumber 73960
Koha biblioitemnumber 73960
Наличности
Код за отписване Код за изгубен артикул Код за повреда Коз за рестрикции Код за отдаване Артикулен № Име на библиотеката - собственик Име на библиотеката, в която се намира в момента Статус (Текущо местоположение) Дата на вписване в системата Местоположение - отдел Цена в лева Инвентарен номер Систематично азбучна сигнатура Баркод Номер на екземпляра Цена в евро Служебна бележка Служебен тип на артикула
  Не е изгубен Не е повреден без рестрикции ползва се в читалня 120358 Регионална библиотека "Любен Каравелов" Русе Регионална библиотека "Любен Каравелов" Русе Хранилище 2007-10-18 Хранилище 0.00 120000718496 Цб 236178 120000718496 1 0.00 Дост: Dp Вид: Д N: 22 Дата: 09.05.2007 Книги
Vip Innovations Ltd, Rousse, Bulgaria 2025